| 000 | 00967nam a2200229 a 4500 | ||
|---|---|---|---|
| 008 | 101021s2008 ||||||||||||||||| || u | ||
| 020 | _a9780773450707 | ||
| 050 | _aSK 575.A357 Deg | ||
| 100 | _aDeGeorges, Paul Andre | ||
| 245 | 1 | 2 | _aA critical evaluation of conservation and development in Sub-Saharan Africa. |
| 260 |
_aNew York: _bThe Edwin Mellen Press _c2008 |
||
| 300 | _axxiii, 480p.: ill. | ||
| 350 | _a0.00 | ||
| 650 | _aWILDLIFE CONSERVATION--AFRICA, SUB-SAHARAN | ||
| 650 | _aSUSTAINABLE DEVELOPMEMT--AFRICA, SUB-SAHARAN | ||
| 650 | _aWILDLIFE MANAGEMENT--AFRICA, SUB-SAHARAN | ||
| 650 | _aWILDLIFE | ||
| 650 | _aNATURAL RESOURCES--AFRICA, SUB-SAHARAN--MANAGEMENT | ||
| 650 | _aCONSERVATION OF NATURAL RESOURCES--AFRICA, SUB-SAHARAN | ||
| 700 | _aBrian Kevin Reilly | ||
| 995 |
_D0.00 _FCBU-MAIN LIBRARY (Kitwe) _H1 _I0.00 _M1 _UAVAILABLE _WNov 29, 2010 _ZAnnex Low-Usage Collection |
||
| 999 |
_c39208 _d39208 |
||